Missing Word: Books of the Elements Quiz Stats

 Plays Quiz Updated Oct 15, 2015

Challenge
Share
Tweet
Embed
Score 0/16 Timer 02:00
3 Plays Today
Category Word % Correct
EARTHJourney
96.8%
FIREPlayed
92.5%
WATERDown
90.3%
FIREGoblet
85.8%
AIRThin
84.7%
WATERElephants
78.4%
EARTHGood
72%
WATERChocolate
70.1%
Category Word % Correct
FIRECatching
60.1%
EARTHCore
58.7%
AIRComing
56.8%
EARTHPillars
30.1%
WATERRising
18.6%
FIREPale
14.7%
AIRCastle
7.8%
AIRWar
4.3%

Today's Daily Dose

Missing Word
Orlando Bloom

Quick Pick
November Things

On This Day
November 15th II

You're not logged in!

Compare scores with friends on all Sporcle quizzes.
Join for Free
OR
Log In

You Might Also Like...

Show Comments

Extras

Top Quizzes Today


Score Distribution

Your Account Isn't Verified!

In order to create a playlist on Sporcle, you need to verify the email address you used during registration. Go to your Sporcle Settings to finish the process.

Report this User

Report this user for behavior that violates our Community Guidelines.

Details: